What's sex got to do with it? (Record no. 67294)

MARC details
000 -LEADER
fixed length control field 00856cam a2200205 4500
001 - CONTROL NUMBER
control field X113050
008 - FIXED-LENGTH DATA ELEMENTS--GENERAL INFORMATION
fixed length control field 000000n2001 000 0 eng u
035 ## - SYSTEM CONTROL NUMBER
System control number (Sirsi) u113050
100 ## - MAIN ENTRY--PERSONAL NAME
Personal name Pearman, R.
245 ## - TITLE STATEMENT
Title What's sex got to do with it?
260 ## - PUBLICATION, DISTRIBUTION, ETC.
Date of publication, distribution, etc. 2001
490 ## - SERIES STATEMENT
Series statement Contract Journal
Volume/sequential designation 408(6328) 23 May 2001, 14-16(3)
520 ## - SUMMARY, ETC.
Summary, etc. Looks into whether attempts to involve women in the construction industry have been successful since the recommendations of the Latham Report and the CIB's 1996 report "Tomorrows team". Based on interviews with women from various organisations (eg. BWW and WAMT) at the 3rd Women in Construction National Conference at Bircham Newton, Norfolk.
650 ## - SUBJECT ADDED ENTRY--TOPICAL TERM
Topical term or geographic name entry element EQUAL OPPORTUNITIES
650 ## - SUBJECT ADDED ENTRY--TOPICAL TERM
Topical term or geographic name entry element WOMEN IN SURVEYING
650 ## - SUBJECT ADDED ENTRY--TOPICAL TERM
Topical term or geographic name entry element LATHAM REFORMS
650 ## - SUBJECT ADDED ENTRY--TOPICAL TERM
Topical term or geographic name entry element CITB
690 ## - LOCAL SUBJECT ADDED ENTRY--TOPICAL TERM (OCLC, RLIN)
Topical term or geographic name as entry element BUILT ENVIRONMENT
942 ## - ADDED ENTRY ELEMENTS (KOHA)
Suppress in OPAC 0
Holdings
Withdrawn status Lost status Source of classification or shelving scheme Damaged status Not for loan Home library Current library Shelving location Date acquired Total Checkouts Full call number Barcode Date last seen Copy number Price effective from Koha item type
    Dewey Decimal Classification     London London Journal article 12/06/2001   X113050 113050-1001 06/08/2019 1 06/08/2019 Journal article